00474nam a2200169 i 4500001001100000003000500011005001700016008004100033040002500074082001300099245004300112264007000155300001000225336002100235337002500256338002300281C2-0219508PPAK20180728111835.0990901s1984 my |||| ||||| | may d aPPAKbengcPPAKerda04a3642 2300aJenayah (Keratan Akhbar Koleksi Kedah) 1aAlor Setar, Kedah : bPerbadanan Perpustakaan Awam Kedah , c1984 c33 cm 2rdacontentatext 2rdamediaaunmediated 2rdacarrieravolume